Caryyapada (Record no. 2353)

MARC details
000 -LEADER
fixed length control field 00426cam a2200181ua 4500
008 - FIXED-LENGTH DATA ELEMENTS--GENERAL INFORMATION
fixed length control field 111222n ii |||gr||||Z||||||asm
040 ## - CATALOGING SOURCE
Transcribing agency MAIN
082 ## - DEWEY DECIMAL CLASSIFICATION NUMBER
Classification number 780
100 ## - MAIN ENTRY--PERSONAL NAME
Personal name Hazarika, Parikshit,
Relator term
245 1# - TITLE STATEMENT
Title Caryyapada
Statement of responsibility, etc. by Parikshit Hazarika
250 ## - EDITION STATEMENT
Edition statement 2nd.
260 ## - PUBLICATION, DISTRIBUTION, ETC.
Place of publication, distribution, etc. Guahati:
Name of publisher, distributor, etc. Dalimee Prakash,987.
300 ## - PHYSICAL DESCRIPTION
Extent 316p:
Dimensions 23cm.
942 ## - ADDED ENTRY ELEMENTS (KOHA)
Koha item type Books
653 ## - INDEX TERM--UNCONTROLLED
Uncontrolled term Folklore
653 ## - INDEX TERM--UNCONTROLLED
Uncontrolled term Caryyapada
Holdings
Withdrawn status Lost status Damaged status Not for loan Home library Current library Shelving location Date acquired Total Checkouts Full call number Barcode Date last seen Date last checked out Copy number Price effective from Koha item type
        Central Library, Naharkatiya College Central Library, Naharkatiya College General Stacks 19/09/2020 1 780 | HAZ 10186 29/12/2021 14/12/2021 1 19/09/2020 Books
        Central Library, Naharkatiya College Central Library, Naharkatiya College General Stacks 19/09/2020 1 780 | HAZ 10187 14/03/2026 26/02/2026 4 19/09/2020 Books
        Central Library, Naharkatiya College Central Library, Naharkatiya College General Stacks 19/09/2020   780 | HAZ 10188 19/09/2020   3 19/09/2020 Books
        Central Library, Naharkatiya College Central Library, Naharkatiya College General Stacks 19/09/2020 1 780 | HAZ 10189 29/12/2021 23/12/2021 2 19/09/2020 Books

Naharkatiya College © 2020. All rights reserved.

Powered By